| 000 | 00929cam a2200277 a 4500 | ||
|---|---|---|---|
| 001 | 16878519 | ||
| 005 | 20170105102921.0 | ||
| 008 | 110719s2011 ii b b 001 0 eng | ||
| 010 | _a 2011323204 | ||
| 020 | _a9780415670401 | ||
| 025 | _aI-E-2011-323204; 63-09 | ||
| 037 | _bLibrary of Congress -- New Delhi Overseas Office | ||
| 040 |
_aDLC _cDLC _dDLC |
||
| 042 |
_alcode _apcc |
||
| 043 | _aa-pk--- | ||
| 050 | 0 | 0 |
_aDS384 _b.P32335 2011 |
| 245 | 0 | 0 |
_aPakistan, from the rhetoric of democracy to the rise of militancy / _ceditor, Ravi Kalia. |
| 260 |
_aNew Delhi : _bRoutledge, Taylor & Francis Group, _c2011. |
||
| 300 |
_ax, 254 p. : _bmaps ; _c23 cm. |
||
| 504 | _aIncludes bibliographical references and index. | ||
| 650 | 0 |
_aPakistan _xPolitics and government. |
|
| 700 | 1 | _aKalia, Ravi. | |
| 906 |
_a7 _bcbc _corigode _d3 _encip _f20 _gy-gencatlg |
||
| 942 |
_2ddc _cBK |
||
| 999 |
_c15576 _d15576 |
||